00601 a2200181 450000100060000002000150000604000220002110000180004324000350006124500300009630000080012636200090013465000230014394200070016695201130017395201160028699900170040256856 a853223822X cAnchieta - Pituba aGaldino, Luiz10aA maldição de Édipolpor10aA maldição de Édipo a1120 a1998 4aLiteratura juvenil cBK 00104070a91.1b91.1d2023-11-21l0oLJ 028.5 G149m GAL MALp6552/PITr2023-11-21 18:24:25w2023-11-21yBK 00102udc4070a39.1b39.1d2024-07-16l0o028.5 G149mp4613/CCPr2024-07-16 15:19:14tEx. 1w2024-07-16yBKu c56856d56856